El terremoto de San Salvador
Gardado en:
| Formato: | Libro |
|---|---|
| Idioma: | Undetermined |
| Publicado: |
San Salvador, El Salvador
Editorial del Ministerio de Cultura
1961
|
| Edición: | 2 |
| Materias: | |
| Etiquetas: |
Engadir etiqueta
Sen Etiquetas, Sexa o primeiro en etiquetar este rexistro!
|
MARC
| LEADER | 00000nam a2200000Ia 4500 | ||
|---|---|---|---|
| 008 | 170316s9999 xx 000 0 und d | ||
| 040 | |a cru BVZT | ||
| 090 | |a 860 A-29t | ||
| 245 | |a El terremoto de San Salvador |c / Ricardo Arenales | ||
| 250 | |a 2 | ||
| 260 | |a San Salvador, El Salvador |b Editorial del Ministerio de Cultura |c 1961 | ||
| 300 | |a 139 páginas | ||
| 650 | |a LITERATURA LATINOAMERICANA |9 15 | ||
| 999 | |c 8320 |d 8320 | ||
| 942 | |c 15 D |h 860 A-29t |2 z | ||
